Basic Programming (Record no. 541677)

000 -LEADER
fixed length control field 00425nam a22001457a 4500
020 ## - INTERNATIONAL STANDARD BOOK NUMBER
International Standard Book Number 0905435575
082 ## - DEWEY DECIMAL CLASSIFICATION NUMBER
Classification number 005.133B
Author Mark HOL
-- MCE, L-2,p-95
245 ## - TITLE STATEMENT
Title Basic Programming
Statement of responsibility, etc. Holmes, B.J.
250 ## - EDITION STATEMENT
Edition statement 2nd
260 ## - PUBLICATION, DISTRIBUTION, ETC.
Place of publication, distribution, etc. Britain
Name of publisher, distributor, etc. English Lanaguage Book Society / DP Publications
Date of publication, distribution, etc. 1982
300 ## - PHYSICAL DESCRIPTION
Extent xi, 275 p. :
Other physical details ill. ;
Dimensions 24 cm.
526 ## - STUDY PROGRAM INFORMATION NOTE
Program name 0
Interest level 0
Reading level 0
Title point value 005_000000000000000_133B_HOL
650 ## - SUBJECT ADDED ENTRY--TOPICAL TERM
Topical term or geographic name entry element MCE
9 (RLIN) 379
942 ## - ADDED ENTRY ELEMENTS (KOHA)
Source of classification or shelving scheme
Koha item type Book
Holdings
Withdrawn status Lost status Source of classification or shelving scheme Damaged status Not for loan Permanent Location Current Location Date acquired Total Checkouts Full call number Barcode Date last seen Copy number Price effective from Koha item type
          Military College of Engineering (MCE) Military College of Engineering (MCE) 08/22/2013   005.133B HOL MCE-24329 08/22/2013 1 08/22/2013 Book
© 2023 Central Library, National University of Sciences and Technology. All Rights Reserved.